000 00456nam a2200181Ia 4500
008 090124s9999 xx 000 0 und d
082 _b118548
100 _aदेसाई नयनतारा
245 _a मळभ
250 _a1
260 _c1980
300 _a183
600 _aदेसाई नयनतारा
630 _a मळभ
700 _aदेसाई नयनतारा
730 _a मळभ
942 _cBOOK
999 _c164634
_d164634